| 000 | 00798cam a22002291 4500 | ||
|---|---|---|---|
| 001 | sa 68013630 | ||
| 003 | DLC | ||
| 005 | 20260227112623.0 | ||
| 008 | 820525s1966 pk b 00010 eng | ||
| 010 | _asa 68013630 //r83 | ||
| 025 | _aPL480:P-E-1141 | ||
| 043 | _aa-pk--- | ||
| 050 | 0 |
_aSB251.P25 _bA8 |
|
| 100 | 1 | 0 |
_aAnsari, M. A. A. _q(Mohammad Anwar Ahmad), _d1908- |
| 245 | 1 | 0 |
_aRésumé of the agricultural research work done under the Pakistan Central Cotton Committee during the course of 17 years, 1949-50 to 1965-66, _cby M.A.A. Ansari. |
| 260 | 0 |
_aKarachi, _bPakistan Central Cotton Committee, _c1966. |
|
| 300 |
_a24 p. _bfold. map. _c25 cm. |
||
| 350 | _aRs.2.00 | ||
| 500 | _aCover title. | ||
| 650 | 0 |
_aCotton _xResearch _zPakistan. |
|
| 710 | 2 | 0 | _aPakistan Central Cotton Committee. |
| 999 |
_c85224 _d85224 |
||